Travel and Tourism Competitiveness of V4 Countries: The Case of Sustainable Tourism
Posúdenie a porovnanie TTCI (Travel and Tourism Competitiveness Index) krajinách V4 so zameraním na environmentálnu udržateľnosť s použitím údajov hodnoty indexu TTCI za rok 2019 Svetového ekonomického fóra - The Travel & Tourism Competitiveness Report 2019. Zásady a politika T&T (Travel & Tourism),...
Na minha lista:
| Autor principal: | |
|---|---|
| Outros Autores: | |
| Formato: | Capítulo de Livro |
| Idioma: | inglês |
| Assuntos: | |
| Tags: |
Sem tags, seja o primeiro a adicionar uma tag!
|
MARC
| LEADER | 00000naa a2200000 4500 | ||
|---|---|---|---|
| 001 | 0283803 | ||
| 005 | 20240502074409.1 | ||
| 041 | 0 | |a eng | |
| 044 | |a SK | ||
| 245 | 1 | 0 | |a Travel and Tourism Competitiveness of V4 Countries: The Case of Sustainable Tourism |c Roman Lacko, Zuzana Hajduová |
| 520 | |a Posúdenie a porovnanie TTCI (Travel and Tourism Competitiveness Index) krajinách V4 so zameraním na environmentálnu udržateľnosť s použitím údajov hodnoty indexu TTCI za rok 2019 Svetového ekonomického fóra - The Travel & Tourism Competitiveness Report 2019. Zásady a politika T&T (Travel & Tourism), prírodné a kultúrne zdroje a rozvoj infraštruktúry v krajinách V4. | ||
| 610 | 2 | 0 | |a udržateľnosť |
| 610 | 2 | 0 | |a environmentalistika |
| 610 | 2 | 0 | |a ruch cestovný |
| 610 | 2 | 0 | |a ruch cestovný udržateľný |
| 610 | 2 | 0 | |a infraštruktúra |
| 610 | 2 | 0 | |a konkurencieschopnosť |
| 610 | 2 | 0 | |a kultúra |
| 610 | 2 | 0 | |a Slovensko |
| 610 | 2 | 0 | |a Vyšehradská štvorka |
| 100 | 1 | |a Lacko, Roman, 1988- | |
| 700 | 1 | |a Hajduová, Zuzana, 1974- | |